00812nam a2200193Ia 4500952010000000999001700100008004100117020001500158050001900173100003700192245009800229260003300327300002200360505012300382519004300505650003600548650002200584942001200606 00102lcc4070a01b01d2023-02-17l0oQC30 P67 2006p16 003992r2023-07-13t1w2023-02-17yLB c71821d71821120626s2006 mx a 000 0 spa d a9706416714 aQC30bP67 2006 aPosadas Velázquez, Yurieautor aFísica 2b: ondas, electromagnetismo y física contemporáneac/ Yuri Posadas Velázquez aMéxicob: Progresoc, 2006 a352 pág.b: il. aI. Fenómeno ondulatorio mecánico II. Fenómenos electromagnéticos III. Física y tecnología contemporáneas a Material complementario /d 16 003992 0aFÍSICAxESTUDIO Y ENSEÑANZA 0aELECTROMAGNETISMO cLB2lcc